Одноэтажная Америка
| Autor principal: | |
|---|---|
| Altres autors: | |
| Sumari: | Книга находится в премиум-версии платформы «Русский как иностранный». Илья Ильф и Евгений Петров - знаменитые советские фельетонисты и писатели-сатирики первой половины XX века. В соавторстве они создали известнейшие романы «Двенадцать стульев» и «Золотой теленок», повесть «Одноэтажная Америка», а также несколько циклов новелл. Повесть «Одноэтажная Америка» - результат поездки авторов в Соединенные Штаты в середине 1930-х годов, воплощение их поисков «настоящей Америки», их личное открытие Америки. Книгу предваряет вступительная статья Александры Ильиничны Ильф, дочери одного из авторов. Лицензия до 31.12.2025 |
| Publicat: |
Москва, РИПОЛ классик, 2012
|
| Edició: | Одноэтажная Америка |
| Matèries: | |
| Accés en línia: | Перейти к просмотру издания |
| Format: | MixedMaterials Electrònic |
MARC
| LEADER | 00000 a2200000 4500 | ||
|---|---|---|---|
| 001 | RU/ROS-EDU.RU/55344 | ||
| 856 | 4 | |u https://www.ros-edu.ru/book?id=55344 |z Перейти к просмотру издания | |
| 010 | |a 978-5-386-04916-4 | ||
| 205 | |a Одноэтажная Америка |b 2025-12-31 | ||
| 333 | |a Лицензия до 31.12.2025 | ||
| 100 | |a 20120101d2012 |||y0rusy0250 |s 2025-12-31 | ||
| 105 | |a y z 000zy | ||
| 101 | 0 | |a rus | |
| 102 | |a RU | ||
| 200 | 1 | |a Одноэтажная Америка |b Электронный ресурс |f И. Ильф, Е. Петров | |
| 700 | 1 | |b И. |a Ильф |4 070 | |
| 701 | 1 | |b Е. |a Петров |4 070 | |
| 330 | |a Илья Ильф и Евгений Петров - знаменитые советские фельетонисты и писатели-сатирики первой половины XX века. В соавторстве они создали известнейшие романы «Двенадцать стульев» и «Золотой теленок», повесть «Одноэтажная Америка», а также несколько циклов новелл. Повесть «Одноэтажная Америка» - результат поездки авторов в Соединенные Штаты в середине 1930-х годов, воплощение их поисков «настоящей Америки», их личное открытие Америки. Книгу предваряет вступительная статья Александры Ильиничны Ильф, дочери одного из авторов. | ||
| 210 | |a Москва |c РИПОЛ классик |d 2012 | ||
| 610 | 1 | |a одноэтажная Америка | |
| 610 | 1 | |a советский фельетонист | |
| 610 | 1 | |a писатель-сатирик | |
| 610 | 1 | |a повесть | |
| 610 | 1 | |a поездка авторов | |
| 610 | 1 | |a Ильф Илья | |
| 610 | 1 | |a Петров Евгений | |
| 675 | |a 821.161 | ||
| 686 | |a 84(2Рос=Рус) |2 rubbk | ||
| 300 | |a Книга находится в премиум-версии платформы «Русский как иностранный». | ||
| 215 | |a 512 с. | ||